Laboratórium medzietnických vzťahov

Bibliographic Details
Main Authors: Beňová, Jana (ain), Tancoš, Július (Author, uin)
Format: Article
Language:Slovak
PhysicalDescription:Fotogr.
ISSN:0231-7303
Subjects:

MARC

LEADER 00000nab a2200000 a 4500
001 vtls000803399
003 SK-MaSNL
005 20260304014656.0
008 180206c2002 xo 0 slo
015 |a SNBRB2002/08-25967 
035 |a CLN000155054 
040 |a SNKBUCL  |b slo  |c SNKBUCL  |e AACR2 
041 0 |a slo 
044 |a xo  |c SK 
080 |a 378(437.6=914.99)  |2 UDC-MRF-SK2 
100 1 |a Beňová, Jana  |4 ain  |9 349567 
245 1 0 |a Laboratórium medzietnických vzťahov  |c Jana Beňová, Július Tancoš 
300 |b Fotogr. 
610 2 7 |a Univerzita Konštantína Filozofa v Nitre.  |b Pedagogická fakulta  |2 snkbucl  |9 178350 
650 0 7 |a romiká  |2 snkbucl  |9 72855 
655 7 |a články z novín a časopisov  |2 snkbucl  |9 267496 
700 1 |a Tancoš, Július  |4 aut  |4 uin  |9 785736 
773 0 |x 0231-7303  |t Slovensko  |g Roč. 26, č. 1-2 (2002), s. 19-21 
850 |a Slovenská národná knižnica v Martine 
852 |a SNK  |b KIS3GCP 
958 |a RBX 
999 |c 2586751  |d 2588681